French poets and novelists.

Saved in:
Bibliographic Details
Main Author: James, Henry, 1843-1916
Format: Book
Language:English
Published: Lond. : Macmillan, 1884.
Subjects:
LEADER 00705nam a22002051 4500
001 c000349654
003 CARM
005 00000000000000.0
008 851003s1884 enk 00001 eng d
019 1 |a 4002570  |5 LACONCORD2021 
035 |a (OCoLC)5149958  |5 LACONCORD2021 
100 1 |a James, Henry,  |d 1843-1916. 
245 1 0 |a French poets and novelists. 
260 |a Lond. :  |b Macmillan,  |c 1884. 
650 0 |a Novelists, French. 
650 0 |a Poets, French. 
852 8 |b CARM  |h A1:AM15A0  |i A04731  |p 0415745  |f BK 
082 0 4 |a 843 
999 f f |i 9b232d50-e960-52ca-a7f2-87e0c3621162  |s 9b50223d-f68e-577a-8cef-54c720a2f867 
952 f f |p Can circulate  |a CAVAL  |b CAVAL  |c CAVAL  |d CARM 1 Store  |e A04731  |f A1:AM15A0  |h Other scheme  |i book  |m 0415745